Application of the American real flexible switch options methodology <a> generalized approach

Enregistré dans:
Détails bibliographiques
Auteur principal: Zmeškal, Zdeněk
Format: Chapitre de livre
Langue:anglais
Sujets:
Tags: Ajouter un tag
Pas de tags, Soyez le premier à ajouter un tag!

MARC

LEADER 00000naa$a2200000$$$4500
001 0092532
005 20231010112240.1
041 0 |a eng 
044 |a CZ 
245 1 0 |a Application of the American real flexible switch options methodology  |b <a> generalized approach  |c Zdeněk Zmeškal 
610 2 0 |a rozhodovanie finančné 
610 2 0 |a opcie 
610 2 0 |a riziko 
610 2 0 |a modely 
100 1 |a Zmeškal, Zdeněk